LIBRARY & INFORMATION CENTRE, KCAET, TAVANUR

ONLINE PUBLIC ACCESS CATALOGUE (OPAC)

Chinthikkunna yanthram: nirmmithabudhiyekurichulla alochanakal / | ചിന്തിക്കുന്ന യന്ത്രം (Record no. 19491)

MARC details
000 -LEADER
fixed length control field 00543nam a22001697a 4500
003 - CONTROL NUMBER IDENTIFIER
control field OSt
008 - FIXED-LENGTH DATA ELEMENTS--GENERAL INFORMATION
fixed length control field 250902b |||||||| |||| 00| 0 eng d
041 ## - LANGUAGE CODE
Language code of text/sound track or separate title eng
082 ## - DEWEY DECIMAL CLASSIFICATION NUMBER
Classification number 600
Item number RAN/CH
100 ## - MAIN ENTRY--AUTHOR NAME
Personal name Ranjith, K. S
245 ## - TITLE STATEMENT
Title Chinthikkunna yanthram: nirmmithabudhiyekurichulla alochanakal /
Remainder of title ചിന്തിക്കുന്ന യന്ത്രം
260 ## - PUBLICATION, DISTRIBUTION, ETC. (IMPRINT)
Place of publication Thiruvananthapuram :
Name of publisher Chintha Publishers,
Year of publication 2024.
300 ## - PHYSICAL DESCRIPTION
Number of Pages 156 p.
650 ## - SUBJECT ADDED ENTRY--TOPICAL TERM
Topical Term Technology
650 ## - SUBJECT ADDED ENTRY--TOPICAL TERM
Topical Term Artificial intelligence - AI
942 ## - ADDED ENTRY ELEMENTS (KOHA)
Koha item type Books
Holdings
Withdrawn status Lost status Damaged status Home library Current library Date acquired Source of acquisition Cost, normal purchase price Full call number Accession Number Koha item type
      KAUAET KAUAET 02/09/2025 Donated by KT Jaleel MLA 260.00 600 RAN/CH 26290 Books
free website counter